El hacedor de milagros /

Guardado en:
Bibliografiske detaljer
Hovedforfatter: Sokolov, Stanislav (realización)
Andre forfattere: Hayes, Derek W. (realización) (realización), Watts, Murray (guión) (guión), Dabizha, Natasha (animación) (animación), Vikhanski, Alexander (fotógrafo) (fotógrafo), Oswald, William (montaje) (montaje), Richards, John (montaje) (montaje), Dudley, Anne (música) (música), Fiennes, Ralph (voz) (voz), Bryant, Michael (voz) (voz), Christie, Julie (voz) (voz), Koc, Michas (realización) (realización), Koc, Michas (guión) (guión), Dibling, Jimmy (fotógrafo) (fotógrafo), Bradley, Richard (montaje) (montaje), Gruffudd, Ioan (conducción) (conducción), Grace, Christopher (texto) (texto)
Format: Slide
Sprog:spansk
Udgivet: Gran Bretaña? : Cardiff, Gales : Rusia : SAF ; Channel Four Wales ; Christmas Films, 1999-2000
Fag:
Tags: Tilføj Tag
Ingen Tags, Vær først til at tagge denne postø!

MARC

LEADER 00000ngm^a2200000^a^4500
001 000171283
005 20251020000000.0
009 20260310101338.282
020 |a 0-7840-1744-1 
037 |a Acervo ITESO - Biblioteca 
041 |a ESP 
082 |a 820.  |b HAY 
100 |a Sokolov, Stanislav  |e (realización) 
240 1 4 |a [El hacedor de milagros] 
245 1 3 |a El hacedor de milagros /  |c Realización de S. Sokolov, D.W. Hayes. 
264 1 |a Gran Bretaña? :  |b SAF ;  |a Cardiff, Gales :  |b Channel Four Wales ;  |a Rusia :  |b Christmas Films,  |c 1999-2000 
264 2 |a Santa Mónica, EUA :  |b Family Home Entertainment [distribución],  |c 2000, c2000 
300 |a 1 DVD región 1  |c (90, 29 min.) +  |e 1 díptico 
336 |a imagen móvil bidimensional  |b tdi  |2 rdacontenido 
337 |a video  |b v  |2 rdamedio 
338 |a videodisco  |b vd  |2 rdasoporte 
500 |a Traducción de: The Miracle Maker: The Story of Jesus 
546 |a Doblaje opcional: español 
585 |a Festival Internacional de Cine de Animación de Annecy (22°: 2000): Participante, sección oficial a concurso 
649 |a XX 
650 |a Cineastas Rusos 
650 |a Jesucristo en el Cine 
650 |a Jesucristo -  |x Biografías 
650 |a Jesucristo -  |x Tema Principal 
650 |a Dios en el Cine 
650 |a Dramas Cinematográficos 
650 |a Cine de Animación 
650 |a Cine Inglés -  |y 1990-1999 
650 |a Cine Inglés -  |y Siglo XX 
650 |a Cine Inglés -  |x Historia y Crítica 
650 |a Cine Ruso -  |y 1990-1999 
650 |a Cine Ruso -  |y Siglo XX 
650 |a Cine Ruso -  |x Historia y Crítica 
650 |a Cristianismo -  |x Historia 
650 |a Judaísmo -  |x Historia 
650 |a Religión -  |x Historia 
740 4 |a The Miracle Maker :  |b The Story of Jesus /  |c Realización de S. Sokolov, D. Hayes. 
740 4 |a The Miracle Maker :  |b Small Miracles /  |c Realización de M. Koc. 
700 |a Hayes, Derek W.  |e (realización) 
700 |a Watts, Murray  |e (guión) 
700 |a Dabizha, Natasha  |e (animación) 
700 |a Vikhanski, Alexander  |e (fotógrafo) 
700 |a Oswald, William  |e (montaje) 
700 |a Richards, John  |e (montaje) 
700 |a Dudley, Anne  |e (música) 
700 |a Fiennes, Ralph  |e (voz) 
700 |a Bryant, Michael  |e (voz) 
700 |a Christie, Julie  |e (voz) 
700 |a Koc, Michas  |e (realización) 
700 |a Koc, Michas  |e (guión) 
700 |a Dibling, Jimmy  |e (fotógrafo) 
700 |a Bradley, Richard  |e (montaje) 
700 |a Gruffudd, Ioan  |e (conducción) 
700 |a Grace, Christopher  |e (texto) 
910 |a Fondo General 
920 |a Audiovisuales - DVDs 
940 |a Películas 
905 |a 302 
901 |a 0500088357  |b IT2  |c DVS  |u 20250521 
901 |a 0500093892  |b IT2  |c MIN  |u 20251020 
902 |a https://opac.biblio.iteso.mx/vufind/Record/000171283